| 000 | 00475cam a22001694a 4500 | ||
|---|---|---|---|
| 020 | _a0894108948 (hardcover : alk. paper) | ||
| 020 | _a0894108700 (pbk. : alk. paper) | ||
| 040 | _cDLC | ||
| 041 | 1 | _hfre | |
| 082 | 0 | 0 | _a842 LYN 2005 A093 Or. |
| 100 | 1 | _aGlissant, Édouard, | |
| 245 | 1 | 0 |
_aMonsieur Toussaint : _ba play / |
| 260 |
_aBoulder, Colo. : _bLynne Rienner Publishers, _c2005. |
||
| 300 |
_a125 p. : _bmap ; _c24 cm. |
||
| 700 | 1 | _aDash, J. Michael. | |
| 942 | _cEK | ||
| 999 |
_c12811 _d12811 |
||